Trade unions act, 1926; together with Central Trade Union Regulations, 1938 (Record no. 220177)

MARC details
000 -LEADER
fixed length control field 00377nam a2200133Ia 4500
008 - FIXED-LENGTH DATA ELEMENTS--GENERAL INFORMATION
fixed length control field 230917s9999||||xx |||||||||||||| ||und||
040 ## - CATALOGING SOURCE
-- 181051
Original cataloging agency VIVEKANANDA LIBRARY
041 ## - Language
-- English
082 ## - DDC NUMBER
Classification number 34:331 T675T
245 #0 - TITLE STATEMENT
Title Trade unions act, 1926; together with Central Trade Union Regulations, 1938
260 ## - PUBLICATION, DISTRIBUTION, ETC. (IMPRINT)
Place of publication, distribution, etc Lucknow
Name of publisher, distributor, etc Eastern Book Company
Date of publication, distribution, etc 1980
300 ## - PHYSICAL DESCRIPTION
Pages 31 p.
942 ## - ADDED ENTRY ELEMENTS (KOHA)
Koha item type Books
Holdings
Withdrawn status Lost status Damaged status Not for loan Location (home branch) Sublocation or collection (holding branch) Date acquired Koha issues (times borrowed) Koha full call number Accession No. Koha date last seen Koha item type
        VIVEKANANDA LIBRARY VIVEKANANDA LIBRARY 04/03/2011   34:331 T675T 85348 17/09/2023 Books
        VIVEKANANDA LIBRARY VIVEKANANDA LIBRARY 04/03/2011   34:331 T675T 85350 17/09/2023 Books
© Designed and Maintained by Vivekananda Library, MDU Rohtak